000 00382nam a2200133Ia 4500
008 210430s9999 xx 000 0 und d
020 _a0-256-24766-8
082 _a620.11 S4161 S
100 _aJames P.Schaffer
_954253
245 4 _aThe Science and Design of Engineering Materials 2nd
_cJames P.Schaffer
260 _aBostan
_bGraw Hill
_c1999
300 _a826p
942 _cBK
_2ddc
999 _c564741
_d564741